00584nam a2200205 a 4500001001300000003000900013005001700022008004100039020002300080082001700103100001800120245005200138260005700190300000900247500003500256505001000291650004000301650001900341700001800360nice12345678IN_TiNIC20260116013047.0050524s1990 nota grp 000 0 eng  a0268864 c44100a241.697bDUN aDunne, John S aPeace of the Presentb an Unviolent Way of Life aNotre Dame inbUniversity of Notre Dame Press c1990 a140p aincludes index and biblioraphy2 aIndex aPeace-Religious Aspect-Christianity aTheology-Moral1 aDunne, John S